[Event "RUS Rapid GP Top 16 2018"]
[Site "Khanty-Mansiysk"]
[Date "2018.12.01"]
[Round "3"]
[White "Pridorozhni, Aleksei"]
[Black "Kabanov, Nikolai"]
[Result "1-0"]
[WhiteElo "2631"]
[BlackElo "2403"]
[Annotator "TA"]
[PlyCount "113"]
[EventDate "2018.12.01"]
[EventType "swiss"]
[EventCountry "RUS"]
[SourceTitle "playchess.com"]
[Source "ChessBase"]
[SourceQuality "1"]

{[%evp 15,113,13,11,0,0,0,0,0,0,0,-3,-6,-17,-14,0,-25,-19,-16,-19,-21,-20,-20,0,0,56,52,54,55,52,54,47,49,52,42,56,36,43,25,39,37,30,-26,-11,-22,0,0,0,0,51,0,0,-40,0,-62,-66,-66,-47,-45,-44,-55,-53,-55,-36,-43,-32,-37,-12,-21,0,0,113,89,163,158,179,172,179,170,179,191,296,289,269,264,429,363,435,446,462,435,983,983,981,964,935,925,1411,1352,1422,1415]} 1. c4 g6 2. g3 Bg7 3. Bg2 c5 4. Nf3 {[%cal Bg1f3,Bf3e1,Be1d3][%mdl 32]} Nc6 5. O-O d6 6. Nc3 Nh6 7. b3 Nf5 {A37: Symmetrical English vs ...g6: 4 Bg2 Bg7 5 Nf3} 8. Bb2 O-O {LiveBook: 12 Games} 9. Ne1 $146 ({Predecessor:} 9. e3 Rb8 10. Qc1 a6 11. Nd5 e5 12. d3 b5 13. Nd2 Nfe7 14. Re1 Be6 15. Nxe7+ Nxe7 16. Ne4 f5 17. Nc3 b4 {½-½ (51) Meier,G (2654)-Khismatullin,D (2651) Berlin 2015}) 9... Bd7 {The position is equal.} 10. Nd3 a6 11. Ne4 Bxb2 12. Nxb2 b5 13. Nc3 Rb8 14. e3 e6 15. Rb1 Qe7 16. Qe2 {[%cal Rc4b5]} b4 17. Nca4 e5 18. Nd3 Ng7 19. f4 e4 (19... a5 $11) 20. Nf2 $14 f5 21. d3 exd3 22. Qxd3 Rfd8 23. Rfe1 Qf8 24. Rbd1 Be8 25. Qd2 Kh8 26. Qb2 Na5 27. Bd5 Nc6 {[%cal Ba5c6,Bc6e7,Be7f5][%mdl 32]} 28. g4 (28. Qa1 $142) 28... Ne7 $11 29. Bg2 fxg4 30. Nxg4 Nef5 31. Nf6 Bf7 ({Black should play} 31... Qf7 $11) 32. Rd2 ({Better is} 32. Bh3 $14) 32... Qe7 33. Bh3 Nd4 {[#] ...Nf3+ is the strong threat.} 34. Rxd4 (34. Bg2 $1 $11) 34... cxd4 $15 35. Qxd4 Be6 36. Bg2 Nf5 37. Nd5+ Qg7 ({Inferior is} 37... Nxd4 38. Nxe7 Re8 39. exd4 $16) 38. Qxg7+ Kxg7 39. Nc7 Bc8 $1 40. Kf2 Kf7 41. Rd1 Rd7 42. Nd5 a5 (42... Bb7 $11 {keeps the balance.}) 43. Ndb6 $16 {[%mdl 1024] White has strong compensation.} Rd8 {[#]} (43... Re7 $16 {might work better.}) 44. c5 $1 $18 {[%cal Bc4c5,Bc5c6,Bc6c7][%mdl 32] And now c6 would win.} Be6 {With the idea ...dxc5.} 45. c6 {Strongly threatening c7.} Rf8 46. c7 $36 {[%mdl 2048] White is really pushing.} Rbe8 {intending ...Nxe3.} 47. e4 Ne7 (47... Nh4 $142) 48. Rxd6 Nc8 49. Rc6 Ke7 $2 (49... Re7 50. Ke3 h6) 50. Ke3 Na7 51. Rc5 {White is clearly winning.} Nc8 52. h4 Bd7 (52... Rf7 $142 53. e5 (53. Rxa5 Kf8 $18) 53... Kf8) 53. Nxd7 Kxd7 54. Bh3+ Ke7 55. e5 h6 56. Bxc8 Rxc8 57. Nb6 {Accuracy: White = 70%, Black = 45%.} 1-0

[Event "RUS Rapid GP Top 16 2018"]
[Site "Khanty-Mansiysk"]
[Date "2018.12.01"]
[Round "3"]
[White "Sarana, Alexey"]
[Black "Chigaev, Maksim"]
[Result "1-0"]
[WhiteElo "2617"]
[BlackElo "2671"]
[Annotator "TA"]
[PlyCount "73"]
[EventDate "2018.12.01"]
[EventType "swiss"]
[EventCountry "RUS"]
[SourceTitle "playchess.com"]
[Source "ChessBase"]
[SourceQuality "1"]

{[%evp 12,73,31,2,25,15,20,13,20,14,50,27,22,0,25,19,27,14,32,-22,0,-26,-19,-51,-48,-62,-83,-70,-87,-73,-29,-29,-29,-40,-39,-93,-34,-36,-29,-57,0,0,80,91,568,560,782,804,741,719,927,916,1408,1407,1327,1302,29978,29979,29979,29980,29979,29981,29993,29994]} 1. d4 Nf6 2. Bg5 g6 3. Nd2 Bg7 4. Ngf3 d6 5. e4 O-O 6. Bd3 Nc6 {A48: 1 d4 Nf6 2 Nf3 g6: Torre, London and Colle Systems} 7. O-O {LiveBook: 5 Games} (7. c3 h6 8. Bh4 e5 9. O-O exd4 10. cxd4 g5 11. Bg3 Nh5 12. Nb3 g4 13. Nh4 Nxd4 14. Nxd4 Bxd4 15. Be2 Bxb2 {0-1 (58) Bordovsky,V (2326)-Bogdanovich,S (2560) Lutsk 2018}) 7... e5 8. dxe5 Nxe5 {The position is equal.} 9. Nxe5 dxe5 10. Nc4 Qe7 $146 ({Predecessor:} 10... Be6 11. Qf3 h6 12. Be3 Nd7 13. Rfd1 Qc8 14. Qg3 b5 {1-0 (32) Morozov,G (2335)-Drachev,O (2086) Moscow 2011}) 11. Qf3 h6 12. Bd2 b6 13. Bc3 Nd7 14. Qg3 Bb7 15. Kh1 ({White should try} 15. b4 $14) 15... a5 16. f4 exf4 17. Qxf4 {[#] aiming for Bxg7.} Nc5 18. Bxg7 Kxg7 19. Rae1 Rad8 20. Re3 Ba6 21. Rh3 g5 22. Ne3 $1 {[%cal Re3f5,Bc4e3,Be3d5,Bd5f6][%mdl 32] [#] White wants to mate with Nf5+.} Bc8 (22... gxf4 23. Nf5+ Kf6 24. Rxh6+ Kg5 25. h4+ Kg4 26. Nxe7 $17) 23. Rg3 (23. Nf5+ $15 Bxf5 24. Qxf5) 23... Nxd3 (23... Kh7 $17 24. Qf3 Nxd3 25. cxd3 Rxd3) 24. cxd3 $15 Rxd3 25. Nd5 Qe6 (25... Rxg3 $15 26. Qxg3 (26. Nxe7 $2 {is the wrong capture.} gxf4 27. hxg3 fxg3 $19) 26... Qd6 27. Qc3+ f6) 26. Qxc7 Rxg3 (26... Rd4 $11 {keeps the balance.}) 27. hxg3 $16 ({Reject} 27. Qxg3 Bb7 $11) 27... Kh8 $2 {[%mdl 8192]} (27... Qxe4 $16 {is a better chance.} 28. Qc3+ Kg6 29. Rf6+ (29. Nxb6 Be6 $11) 29... Kh7) 28. Qc3+ $18 Kh7 29. Nf6+ Kg6 30. e5 Rh8 31. Qd3+ Kg7 32. Nh5+ Kg8 33. Rf6 Qxe5 34. Qd8+ {White mates.} Kh7 35. Rxf7+ Kg6 36. Rf6+ Kh7 37. Qd3+ {Precision: White = 64%, Black = 37%.} 1-0

[Event "RUS Rapid GP Top 16 2018"]
[Site "Khanty-Mansiysk"]
[Date "2018.12.01"]
[Round "3"]
[White "Kryakvin, Dmitry"]
[Black "Sjugirov, Sanan"]
[Result "1/2-1/2"]
[WhiteElo "2529"]
[BlackElo "2722"]
[Annotator "TA"]
[PlyCount "115"]
[EventDate "2018.12.01"]
[EventType "swiss"]
[EventCountry "RUS"]
[SourceTitle "playchess.com"]
[Source "ChessBase"]
[SourceQuality "1"]

{[%evp 22,115,-24,-8,5,0,23,9,46,46,62,71,67,67,67,64,64,58,60,0,0,0,12,0,12,0,2,0,0,0,0,0,0,0,0,0,0,0,0,-12,0,0,0,0,0,0,0,0,0,0,0,-33,-6,-120,-116,-131,-125,-125,-125,-124,-121,-133,-108,-108,-84,-84,-84,-84,-84,-84,-84,-84,-84,-184,-184,-184,-184,-173,-84,-88,-8,-8,-8,-8,-8,-8,-8,-8,-8,-8,-8,-8,-8,-8,0,-8]} 1. d4 Nf6 2. c4 g6 3. Nf3 Bg7 4. e3 O-O 5. Be2 b6 6. O-O Bb7 7. b3 c5 8. Bb2 cxd4 9. Nxd4 d5 10. cxd5 {A30: Symmetrical English: Double Fianchetto and Hedgehog} (10. Nc3 dxc4 11. Bxc4 a6 12. Be2 e5 13. Nc2 Nbd7 14. Rc1 Re8 15. Qd2 Nc5 16. Qxd8 Raxd8 17. Rfd1 Nfe4 18. Nxe4 Bxe4 {½-½ (18) Burmakin,V (2526)-Bauer,C (2647) Zuerich 2017}) 10... Nxd5 11. Nc3 Nxc3 12. Bxc3 {LiveBook: 6 Games. Black has an edge.} Nd7 13. Bf3 Qc8 $146 ({Predecessor:} 13... Bxf3 14. Qxf3 Ne5 15. Qe2 Rc8 16. Rac1 Qd7 17. Rfd1 Qb7 18. Bb2 Rfd8 19. Rxc8 Rxc8 20. Rc1 Rxc1+ 21. Bxc1 Qe4 22. Qc2 Qxc2 23. Nxc2 Kf8 24. Kf1 Nc6 {½-½ (24) Marzano,C (2199)-Berkovich,M (2346) Escaldes 2016}) 14. Rc1 {aiming for Nf5!} Nc5 15. Bb4 Rd8 {And now ...e5 would win.} 16. Bxc5 bxc5 17. Bxb7 Qxb7 18. Qf3 $1 {[%cal Rf3b7]} ({Not} 18. Rxc5 $2 e5 $19) 18... Qxf3 19. Nxf3 a5 20. Rc4 (20. Rxc5 $14 a4 21. b4) 20... a4 $11 21. bxa4 Rd3 22. Rfc1 Ra3 23. R1c2 (23. Rxc5 {feels hotter.} R8xa4 24. Rc8+ Bf8 25. Ne5 Ra7 26. g4) 23... R3xa4 24. Rxa4 Rxa4 {[%mdl 4096] Endgame KRB-KRN} 25. Nd2 f5 26. Kf1 Kf7 27. Ke2 Ra3 28. Nc4 Ra6 (28... Ra8 {looks sharper.} 29. Nd2 Ke6 30. Nb3 c4 31. Nd2 c3) 29. a3 {[%cal Ba2a3,Ba3a4,Ba4a5][%mdl 32]} Ke6 30. Kd3 Kd5 31. f3 Ra7 32. a4 Kc6 33. Ra2 Ra8 34. Kc2 Rb8 35. a5 Kb5 36. Nb6 e6 37. Na4 (37. Kb3 $11) 37... Ra8 $17 38. Nb6 Rxa5 39. Rxa5+ Kxa5 {KB-KN} 40. Nc4+ Kb4 41. Kd3 Bc3 42. g4 h5 43. gxh5 gxh5 44. e4 Bd4 45. exf5 exf5 46. h3 Bf2 47. Nd2 (47. Nd6 $17) 47... Bg3 $19 48. Nc4 Bf4 49. Nb6 {[#]} Kb3 (49... Kb5 $1 $19 {[%cal Rb5b6]} 50. Nc4 Kc6) 50. Nc4 $17 h4 (50... Ka4 $17 51. Kc3 Kb5 52. Na3+ Kc6) 51. Na5+ $1 $11 {The position is equal.} Kb2 52. Nb7 {[#]} c4+ $1 {[%mdl 512]} 53. Kxc4 Kc2 54. Kd5 Kd3 55. Ke6 Ke3 56. Kxf5 {Kg4 is the strong threat.} Kxf3 57. Nc5 Kg3 58. Ke4 {Accuracy: White = 65%, Black = 43%.} 1/2-1/2

[Event "RUS Rapid GP Top 16 2018"]
[Site "Khanty-Mansiysk"]
[Date "2018.12.01"]
[Round "3"]
[White "Maltsevskaya, Aleksandra"]
[Black "Demidov, Mikhail"]
[Result "0-1"]
[WhiteElo "2247"]
[BlackElo "2586"]
[Annotator "TA"]
[PlyCount "110"]
[EventDate "2018.12.01"]
[EventType "swiss"]
[EventCountry "RUS"]
[SourceTitle "playchess.com"]
[Source "ChessBase"]
[SourceQuality "1"]

{[%evp 18,110,-10,7,44,31,33,39,51,16,35,31,40,9,45,20,79,70,80,92,87,74,80,77,112,81,103,80,100,70,74,-8,-1,-35,-31,-26,-38,-42,-37,-36,-27,-27,-25,-47,-39,-45,-20,-59,-20,-59,-20,-62,-62,-74,-67,-67,-67,-80,-39,-65,-65,-59,-63,-81,-18,-22,-18,-18,-15,-17,-18,-21,-8,-25,0,-27,-25,-22,-18,-18,-18,-91,-88,-132,-132,-183,-161,-213,-206,-1655,-1529,-1078,-1197,-1027,-1113]} 1. d4 e6 2. c4 b6 3. Nc3 Bb7 4. e3 Nf6 5. Nf3 Bb4 6. Qc2 c5 7. Be2 O-O 8. O-O cxd4 9. exd4 d5 {E50: Nimzo-Indian: Rubinstein: 4...0-0 5 Nf3} (9... h6 10. a3 Bxc3 11. Qxc3 Qc7 12. d5 exd5 13. Bxh6 dxc4 14. Nh4 Re8 15. Rfe1 Qe5 16. Qxe5 Rxe5 17. Bf4 {1-0 (32) Manolache,M (2561)-Song,J (2333) Lille 2012}) 10. cxd5 {LiveBook: 3 Games} Bxc3 $146 ({Predecessor:} 10... Nxd5 11. a3 Nxc3 12. bxc3 Bd6 13. a4 Nd7 14. Ba3 Bxa3 15. Rxa3 Rc8 16. a5 bxa5 17. Rfa1 Qc7 18. Rxa5 Qxc3 19. Qxc3 Rxc3 20. Rxa7 Bxf3 21. Bxf3 Nf6 22. Kf1 {½-½ (22) Halme,O (2262)-Fernandez,J (2297) ICCF email 2014}) 11. bxc3 {Black must now prevent dxe6.} Bxd5 {White is slightly better.} 12. c4 Be4 13. Qa4 (13. Qc3 {keeps more tension.} Nc6 14. Bb2 Re8 15. Rfd1 Rc8 16. Rac1) 13... Qd7 14. Qxd7 Nbxd7 15. a4 Rac8 (15... Bxf3 $5 16. Bxf3 Rac8 $11) 16. Nd2 Bb7 (16... Rfd8 $11 {remains equal.}) 17. a5 $16 h6 18. axb6 axb6 19. Ba3 Rfe8 20. Rfb1 Bc6 21. h3 Ra8 22. Bd6 Rec8 23. Rxa8 Rxa8 24. Bf3 (24. Rb2 $16) 24... Bxf3 $11 25. Nxf3 Ne4 26. Bc7 Rc8 27. Bxb6 Rxc4 28. Ne5 Nxe5 29. dxe5 $15 {[%mdl 4096] Endgame KRB-KRN} Nc3 30. Ra1 Nd5 31. Ba7 g5 32. Bb8 Kg7 33. Bd6 Rc2 34. Ra5 Nf4 35. Bc5 Kg6 36. Be3 Nd5 37. Ra3 Rb2 38. Bc5 Rb5 39. Bd6 Nf4 40. Rf3 Rb1+ (40... Rd5 $17) 41. Kh2 $11 Rb2 42. g3 Nd5 43. Kg2 Rc2 44. Kg1 Nc3 45. Be7 Nd5 46. Bd6 h5 47. Kg2 Rc4 48. Rb3 h4 49. gxh4 (49. Ra3 $11) 49... Rxh4 $17 50. Rg3 Kf5 51. Rb3 (51. Kh2 $17) 51... Rh8 52. Rb8 (52. Kh2 $142) 52... Nf4+ $19 {[%mdl 64] [#] Double Attack} 53. Kg1 $2 (53. Kh2 Rxh3+ 54. Kg1) 53... Nxh3+ {Black is clearly winning.} 54. Kf1 Rxb8 55. Bxb8 Nf4 {Accuracy: White = 37%, Black = 45%.} 0-1

[Event "RUS Rapid GP Top 16 2018"]
[Site "Khanty-Mansiysk"]
[Date "2018.12.01"]
[Round "4"]
[White "Sjugirov, Sanan"]
[Black "Sarana, Alexey"]
[Result "0-1"]
[WhiteElo "2722"]
[BlackElo "2617"]
[Annotator "TA"]
[PlyCount "82"]
[EventDate "2018.12.01"]
[EventType "swiss"]
[EventCountry "RUS"]
[SourceTitle "playchess.com"]
[Source "ChessBase"]
[SourceQuality "1"]

{[%evp 18,82,14,19,15,0,0,0,0,0,0,-14,34,-82,-81,-58,-57,-59,-66,-75,-61,-156,-158,-189,-106,-225,-222,-311,-297,-318,-221,-295,-288,-281,-8,-8,-9,-9,-15,-16,-16,-16,-21,-181,-185,-187,-188,-172,-179,-303,-297,-376,-379,-491,-380,-369,-375,-5102,-5093,-5077,-5077,-5077,-5077,-29989,-29989,-29990,-29991]} 1. e4 c5 2. Nf3 d6 3. d4 cxd4 4. Nxd4 Nf6 5. Nc3 a6 6. Be3 e5 7. Nf3 Be7 8. Bc4 Be6 9. Bb3 {B90: Sicilian Najdorf: Unusual White 6th moves, 6 Be3 Ng4 and 6 Be3 e5} Nbd7 10. O-O {LiveBook: 3 Games} Rc8 11. Nh4 $146 {The position is equal.} ({Predecessor:} 11. Qd3 Ng4 12. Nd5 Nxe3 13. Qxe3 Nf6 14. Nxf6+ Bxf6 15. Rfd1 O-O 16. c3 Bg4 {0-1 (74) Guliyev,N (2545)-Hernandez,A (2270) Moscow 2012}) 11... Nc5 12. Nf5 Bxf5 13. exf5 Nxb3 14. axb3 Qd7 15. Qf3 {[#]} (15. Bg5 $14 {keeps the upper hand.}) 15... d5 $1 $17 {[%cal Bd6d5,Bd5d4][%mdl 32] aiming for ...d4.} 16. Bg5 d4 17. Bxf6 $1 Bxf6 18. Rfd1 O-O 19. g4 (19. Rac1 $15) 19... h6 20. Kg2 Bg5 (20... Rfd8 $19 21. Ra4 Qc6) 21. h4 (21. Qe4 $17 {is a better defense.}) 21... Bxh4 $19 22. Ne4 (22. Qd3 $142) 22... Rxc2 23. Rh1 Bg5 (23... Rxb2 24. Rxh4 f6 25. Rc1 $11) 24. f6 Bf4 25. g5 {intending fxg7.} Qf5 $2 ({Weaker is} 25... Rxb2 26. fxg7 Kxg7 27. Rxh6 $11) ({Black should play} 25... Rc6 $19 26. fxg7 Kxg7 27. Rxh6 Rxh6 28. gxh6+ Kh8) 26. fxg7 $11 Kxg7 27. Rxh6 $1 {Threatens to win with Rf6.} Rh8 (27... Rxb2 28. Rf6 $18) 28. Rxh8 Kxh8 29. Rh1+ Kg7 {Hoping for ...d3.} 30. Rh6 $2 {[#]} (30. Rh4 $1 $11) 30... Rc6 $1 $36 {[%cal Rc6h6][%mdl 2048] Black has strong initiative.} ({Stronger than} 30... Rxb2 31. Rf6 $11) 31. Rf6 Rxf6 32. gxf6+ Kg6 33. Kf1 (33. Nd6 {might work better.} Qe6 34. Nxb7) 33... Bg5 34. Qg2 d3 35. Nxg5 Qxg5 {[%mdl 4096] Endgame KQ-KQ} 36. Qe4+ Qf5 37. Qxb7 $2 (37. Qg2+ Kxf6 38. Qxb7) 37... Qh3+ 38. Ke1 Qg4 {[%csl Gd3][%cal Rg4e2]} 39. f3 Qf4 40. Qb6 Qc1+ 41. Kf2 d2 {Precision: White = 22%, Black = 77%.} 0-1

[Event "RUS Rapid GP Top 16 2018"]
[Site "Khanty-Mansiysk"]
[Date "2018.12.01"]
[Round "4"]
[White "Kokarev, Dmitry"]
[Black "Maltsevskaya, Aleksandra"]
[Result "1-0"]
[WhiteElo "2698"]
[BlackElo "2247"]
[Annotator "TA"]
[PlyCount "95"]
[EventDate "2018.12.01"]
[EventType "swiss"]
[EventCountry "RUS"]
[SourceTitle "playchess.com"]
[Source "ChessBase"]
[SourceQuality "1"]

{[%evp 23,95,48,37,33,38,29,45,45,40,39,45,40,45,48,46,33,39,14,20,20,12,-14,45,22,28,24,32,25,14,0,0,0,0,0,0,-4,18,20,38,39,48,20,87,58,47,49,130,127,178,178,178,178,178,173,239,85,85,85,85,85,166,85,85,85,85,85,289,272,326,326,744,760,721,660]} 1. g3 Nf6 2. Bg2 g6 3. e4 d6 4. d4 Bg7 5. Nc3 O-O 6. Nge2 Nbd7 7. O-O e5 8. h3 exd4 9. Nxd4 Re8 10. Re1 Nc5 11. Nb3 Nxb3 12. axb3 Bd7 {LiveBook: 11 Games. B07: Pirc Defence: Miscellaneous Systems} (12... a6 13. Bg5 h6 14. Bf4 Bd7 15. Qd2 g5 16. Be3 Bc6 17. Bd4 Nd7 18. Nd5 Bxd4 19. Qxd4 Bxd5 20. Qxd5 {½-½ (31) Martens,M (2444)-Hausrath,D (2507) Netherlands 2011}) 13. Bg5 h6 14. Be3 a6 {White has an edge.} 15. Qd2 Kh7 16. f4 Bc6 {[%cal Rf6e4]} 17. Bd4 $146 ({Predecessor:} 17. Bf2 Nd7 18. Rad1 Nf8 19. g4 Qd7 20. Nd5 {1-0 (63) Herbst,D (2092)-Hummel,M (2145) Soechau 2000}) 17... Qd7 18. Rad1 Re7 19. Qd3 Rae8 20. Bf2 Qc8 21. g4 Nd7 22. b4 b6 (22... Bxc3 $11 23. bxc3 b5) 23. Nd5 Bxd5 $1 24. exd5 a5 25. Rxe7 Rxe7 26. Qb5 axb4 27. Qxb4 Qe8 28. b3 Nc5 29. Re1 Rxe1+ (29... Bd4 {seems wilder.} 30. Rxe7 Bxf2+ 31. Kxf2 Qxe7 32. Qd4 Qh4+) 30. Qxe1 Qxe1+ 31. Bxe1 $11 {[%mdl 4096] Endgame KBB-KBN} f5 32. Bh4 Na6 (32... Bd4+ $11 33. Kh1 fxg4) 33. Bd8 Bd4+ 34. Kh2 b5 (34... fxg4 $1 $14 35. hxg4 Kg7) 35. Bf1 Bb6 (35... Nb4 $16) 36. Bxb5 $18 Nb4 37. c4 Nd3 38. Kg3 Nc5 (38... Nc1 $142 39. gxf5 gxf5) 39. Ba4 $2 {[#]} (39. gxf5 $18 {and White stays clearly on top. aiming for f6.} Ne4+ 40. Kg2 gxf5 41. b4) 39... Kg7 $16 40. Kf3 Kf7 41. Bh4 Nd3 {[#]} (41... Kg7 $16 42. Bd8 Kf7 43. gxf5 gxf5) 42. Bg3 (42. gxf5 $1 $18 gxf5 43. Bd7) 42... Kf6 43. Ke2 Nc5 44. Be1 Ne4 $2 (44... Ke7 $16 45. Kf3 Kf7) 45. b4 $18 Bd4 46. Bc2 Bb2 $2 (46... Kf7 47. gxf5 gxf5) 47. Bxe4 fxe4 48. Ke3 {Accuracy: White = 48%, Black = 37%.} 1-0

[Event "RUS Rapid GP Top 16 2018"]
[Site "Khanty-Mansiysk"]
[Date "2018.12.01"]
[Round "4"]
[White "Yudin, Sergei"]
[Black "Morozevich, Alexander"]
[Result "0-1"]
[WhiteElo "2643"]
[BlackElo "2696"]
[Annotator "TA"]
[PlyCount "56"]
[EventDate "2018.12.01"]
[EventType "swiss"]
[EventCountry "RUS"]
[SourceTitle "playchess.com"]
[Source "ChessBase"]
[SourceQuality "1"]

{[%evp 24,56,0,-8,-9,-10,-10,-22,-7,-21,0,-6,0,0,0,0,40,0,0,0,0,-68,-68,-69,-79,-68,-72,-67,-85,-376,-358,-721,-747,-718,-718]} 1. e4 e5 2. Nf3 Nc6 3. Bc4 Bc5 4. d3 Nf6 5. O-O O-O 6. Nbd2 d6 7. c3 a6 8. Bb3 Ba7 9. h3 Nh5 {C54: Giuoco Piano: 4 c3 Nf6, main lines with 5 d4 and 5 d3} (9... Be6 10. Bc2 d5 11. Ng5 Qe8 12. Ndf3 Rd8 13. Nxe6 fxe6 14. Qe2 Nh5 15. Kh2 Nf4 16. Bxf4 Rxf4 17. Rae1 Qf7 {½-½ (42) Aronian,L (2764)-Kramnik,V (2792) Paris 2018}) 10. Nc4 Qf6 11. Ne3 Nf4 12. Ng4 Qg6 13. Bxf4 {LiveBook: 3 Games} exf4 14. Re1 Bxg4 15. hxg4 Qxg4 16. d4 Ne7 {[#]} 17. Qd2 $146 ({Predecessor:} 17. Qd3) 17... c5 18. Rad1 cxd4 19. cxd4 h6 20. Qb4 Qd7 21. e5 {[#] Threatens to win with e6.} d5 22. e6 (22. Qd2 $11) 22... fxe6 $15 23. Ne5 Qc7 24. Rc1 Qd8 25. Qxb7 {[#] Hoping for Nd7.} Bxd4 26. Nd7 $2 {[%mdl 8192]} (26. Nf3 $17 Rb8 27. Qc7 Bxb2 28. Qxd8 Rfxd8 29. Rc2) 26... Ra7 $19 27. Qxa7 $2 (27. Qb4 Bxf2+ 28. Kxf2 Rxd7 29. Rxe6) 27... Bxa7 28. Nxf8 Qb6 {Accuracy: White = 47%, Black = 44%.} 0-1

[Event "RUS Rapid GP Top 16 2018"]
[Site "Khanty-Mansiysk"]
[Date "2018.12.01"]
[Round "4"]
[White "Iljiushenok, Ilia"]
[Black "Chigaev, Maksim"]
[Result "0-1"]
[WhiteElo "2607"]
[BlackElo "2671"]
[Annotator "TA"]
[PlyCount "64"]
[EventDate "2018.12.01"]
[EventType "swiss"]
[EventCountry "RUS"]
[SourceTitle "playchess.com"]
[Source "ChessBase"]
[SourceQuality "1"]

{[%evp 20,63,18,32,20,0,0,0,0,0,8,0,29,25,47,48,62,15,0,0,8,0,19,18,22,-17,12,-58,0,-22,0,0,27,0,0,-278,-271,-537,-518,-2311,-2220,-29987,-29988,-29988,-29989,-29999]} 1. e4 c5 2. Nf3 e6 3. d4 cxd4 4. Nxd4 Nc6 5. Nc3 Qc7 6. Be3 a6 7. Qf3 {B48: Sicilian: Taimanov: 5 Nc3 Qc7 6 Be3 a6 without Be2} Bd6 (7... Nf6 8. O-O-O d6 9. Nxc6 Qxc6 10. g4 b5 11. g5 Nd7 12. a3 Bb7 13. Qh3 Rc8 14. g6 Nf6 {0-1 (55) Durarbayli,V (2629)-Cori Tello,J (2664) Saint Louis 2018}) 8. O-O-O Be5 9. Nxc6 bxc6 10. Bd4 Bxd4 11. Rxd4 {LiveBook: 17 Games} d5 12. Rd2 Nf6 13. g4 O-O $146 ({Predecessor:} 13... Qe5 14. Qe3 Nxg4 {0-1 (50) Liang,A (2335)-Vazquez,G (2438) Chicago 2015}) 14. g5 Nd7 15. Qg3 Qb6 16. h4 Rb8 17. b3 Nc5 18. Qe5 Rb7 19. Rg1 a5 20. h5 Nd7 {[%cal Bc5d7,Bd7f6,Bf6e4][%mdl 32]} 21. Qg3 Qb4 22. Bh3 Qa3+ ({Of course not} 22... dxe4 $6 23. h6 $16) 23. Kd1 ({Better is} 23. Kb1 $11) 23... Rb4 (23... f5 $1 $15) 24. g6 hxg6 25. hxg6 Nf6 {And now ...Qb2 would win.} (25... Qb2 $5 {[%cal Rb2a1]} 26. Ke1 (26. gxf7+ $2 Rxf7 27. Ke1 Nc5 $17) 26... Nc5 27. gxf7+ Rxf7 $17) 26. exd5 cxd5 27. Qd6 $2 {[%mdl 8192] [#]} (27. Qc7 $11 {and White has nothing to worry.} fxg6 28. Rxg6) 27... Qb2 $1 $19 28. gxf7+ $2 (28. Rg3 Qa1+ 29. Ke2) 28... Rxf7 29. Qg3 (29. Rg3 $142 Nh5 30. Ne2 Nxg3 31. fxg3) 29... Ne4 {( -> ...Qa1+)} 30. Nxe4 Qa1+ {Black mates.} 31. Ke2 Rxe4+ 32. Kd3 Qd4# {Accuracy: White = 33%, Black = 39%.} 0-1

[Event "RUS Rapid GP Top 16 2018"]
[Site "Khanty-Mansiysk"]
[Date "2018.12.01"]
[Round "4"]
[White "Demidov, Mikhail"]
[Black "Bocharov, Dmitry"]
[Result "1-0"]
[WhiteElo "2586"]
[BlackElo "2684"]
[Annotator "TA"]
[PlyCount "37"]
[EventDate "2018.12.01"]
[EventType "swiss"]
[EventCountry "RUS"]
[SourceTitle "playchess.com"]
[Source "ChessBase"]
[SourceQuality "1"]

{[%evp 21,33,218,228,222,429,360,2488,701,2470,2428,29986,29987,29987,29988]} 1. d4 g6 2. e4 {[%cal Be2e4,Be4e5][%mdl 32]} Bg7 3. Nc3 d6 4. f4 Nf6 5. Nf3 O-O 6. e5 Nfd7 7. h4 c5 8. h5 cxd4 9. hxg6 hxg6 10. Qxd4 {B09: Pirc Defence: Austrian Attack} Nc6 11. Qf2 dxe5 {LiveBook: 3 Games} (11... e6 12. g4 Re8 13. Qh2 Qb6 14. Bd3 dxe5 15. f5 e4 16. fxg6 exf3 17. Qh7+ Kf8 18. gxf7 Nf6 19. fxe8=Q+ Nxe8 20. Bh6 Qxb2 21. Qh8+ Kf7 22. Bg6+ Ke7 23. Qxe8+ {1-0 (23) Sychev,K (2510)-Gordievsky,D (2605) Moscow 2017}) 12. Qh4 {[%csl Gh1][%cal Rh4h7] [#] White is clearly better.} Re8 $2 (12... Nf6) 13. fxe5 e6 $2 (13... Nf6 14. exf6 exf6+ 15. Be2 g5 16. Qh7+ Kf8) 14. Qh7+ $18 Kf8 15. Bh6 Bxh6 16. Qxh6+ Ke7 17. Qg5+ {Predecessor:} f6 $146 18. Rh7+ Kf8 19. Qh6+ {1-0 (19) Swiderski,M (2160)-Temel,J (2000) Przelazy 2004} 1-0